Statistics for Every Debbie Gibson song that hit the Billboard hot 100

Click here to take the quiz!

General Stats

  • This quiz has been taken 9 times
  • The average score is 7 of 11

Answer Stats

Peak Chart PositionYearSong% Correct
11989Lost In Your Eyes
100%
111989Electric Youth
86%
11988Foolish Beat
71%
31988Out Of The Blue
71%
711989We Could Be Together
71%
41987Only In My Dreams
57%
41987Shake Your Love
57%
171989No More Rhyme
57%
221988Staying Together
43%
261991Anything Is Possible
29%
861993Losin' Myself
14%

Score Distribution

Percentile by Number Answered

Percent of People with Each Score

Your Score History

You have not taken this quiz